• 首页
  • 本馆介绍
  • 公告通知
  • 最新文献
  • 馆藏检索
  • 电子资源
  • 读者导购
  • 参考咨询
  • 我的图书馆
  • 登录
  • 详细信息显示
  • 放入我的书架
  • 预约/预借图书
  • 作者相关作品
  • 分类相关作品
  • 丛书相关作品
  • 出版社相关作品

书目信息

  • 表格格式
  • 工作单格式
  • 卡片格式
题名:
教育测量与评价
    
 
作者: 朱德全 主编
分册:  
出版信息: 北京   高等教育出版社  2022.01
页数: 368页
开本: 26cm
丛书名: iCourse·教材
单 册:
中图分类: G40-058.1 , G420
科图分类:
主题词: 教育测量--jiao yu ce liang--高等学校--教材 , 教学评估--jiao xue ping gu--高等学校--教材
电子资源:
ISBN: 978-7-04-044281-6
000 01726nam 2200361 450
001 012001000566
005 20140131153209.0
010    @a978-7-04-044281-6@dCNY39.80
099    @aCAL 012016094049
100    @a20220905d2016 em y0chiy50 ea
101 0  @achi
102    @aCN@b110000
105    @ay a 000yy
106    @ar
200 1  @a教育测量与评价@Ajiao yu ce liang yu ping jia@f朱德全主编
210    @a北京@c高等教育出版社@d2022.01
215    @a368页@d26cm
225 2  @aiCourse·教材@Aicourse · jiao cai
225 2  @a中职教师培养课程模块@Azhong zhi jiao shi pei yang ke cheng mo kuai
300    @a《教师教育课程标准(试行)》教材大系 教师教育国家级精品资源共享课配套教材 北京师范大学中国基础教育质量监测协同创新中心自主课题资助
314    @a朱德全,男,现任西南大学教育学部部长,教育学博士,教授,博士生导师等。发表学术论文200余篇。编写教材3部。
320    @a有书目 (第365-368页)
330    @a本书是国家教师教育精品资源共享课的配套教材,统整教育测量、教育评价与教育统计三大学科的知识,重新建构教育测评的基本理论、核心主题、过程与方法、质量特性和统计处理五大内容板块。全书集“课程、教材、教学”于一体,并且专门设计了ABOOK平台,实现了纸质教材和数字化资源、课程的有机融合。
333    @a本书既可以作为教育学专业的本科生、研究生的教材,也适合政府和事业单位的教育管理与评估人员、研究机构和学校的教学科研人员以及对教育测评感兴趣的人阅读。
410  0 @12001 @aiCourse·教材
410  0 @12001 @a中职教师培养课程模块
606 0  @a教育测量@Ajiao yu ce liang@x高等学校@j教材
606 0  @a教学评估@Ajiao xue ping gu@x高等学校@j教材
690    @aG40-058.1@v5
690    @aG420@v5
701  0 @a朱德全@Azhu de quan@4主编
801  0 @aCN@bAHXH@c20221111
905    @b1364625-9@dG40-058.1@e1273@f5
    
    教育测量与评价/朱德全主编.-北京:高等教育出版社,2022.01
    368页;26cm.-(iCourse·教材).-(中职教师培养课程模块)
    《教师教育课程标准(试行)》教材大系 教师教育国家级精品资源共享课配套教材 北京师范大学中国基础教育质量监测协同创新中心自主课题资助.-使用对象:本书既可以作为教育学专业的本科生、研究生的教材,也适合政府和事业单位的教育管理与评估人员、研究机构和学校的教学科研人员以及对教育测评感兴趣的人阅读。
    
    ISBN 978-7-04-044281-6:CNY39.80
    本书是国家教师教育精品资源共享课的配套教材,统整教育测量、教育评价与教育统计三大学科的知识,重新建构教育测评的基本理论、核心主题、过程与方法、质量特性和统计处理五大内容板块。全书集“课程、教材、教学”于一体,并且专门设计了ABOOK平台,实现了纸质教材和数字化资源、课程的有机融合。
●
相关链接 在E读中查询图书 在五车中查询图书 在当当中查询图书 在豆瓣中查询图书


正题名:教育测量与评价     索取号:G40-058.1/1273         预约/预借

序号 登录号 条形码 馆藏地/架位号 状态 备注
1 1364625   213646250   第一样本阅览室/ [索取号:G40-058.1/1273] 在馆    
2 1364626   213646269   教育系资料室/ [索取号:G40-058.1/1273] 在馆    
3 1364627   213646278   教育系资料室/ [索取号:G40-058.1/1273] 在馆    
4 1364628   213646287   第四借阅区/ [索取号:G40-058.1/1273] 在馆    
5 1364629   213646296   第四借阅区/ [索取号:G40-058.1/1273] 在馆    
唐山师范学院图书馆 欢迎您!
大连网信软件有限公司© 版权所有